000 00735nam a2200229Ia 4500
003 OSt
005 20220926001116.0
006 a|||||r|||| 00| 0
007 ta
008 220923b |||||||| |||| 00| 0 eng d
037 _cGeneral Book
040 _aRTL
_cRTL
_beng
041 _2eng
_aeng
082 _aY394:4:67.2.N60t-N59, K0
110 _aINDIA, FINANCE Mp-), ESTIMATE COMMITTEE
_9303441
245 4 _aThe rehabilation finance administration
_b reports and accounts
260 _a New Delhi
_bLok Sabha Seceratariat
_c1960
300 _a18p.
_ccm.
700 _aINDIA, FINANCE Mp-), ESTIMATE COMMITTEE
_9303442
942 _hY394:4:67.2.N60t-N59, K0
_cGB
_2CC
999 _c600526
_d600526